000 02271cam a22002655a 4500
001 11510440
005 20161208155707.0
008 150428s2015 gw frb 000 0 eng d
020 _a9783319139746
040 _dWaSeSS
_beng
_dEG-ScBUE
082 0 4 _a617.605
_222
_bCHA
100 1 _aChambrone, Leandro.
_eeditor.
245 0 0 _aEvidence-based periodontal and peri-implant plastic surgery :
_ba clinical roadmap from function to aesthetics /
_ceditor Leandro Chambrone.
260 _aCham :
_bSpringer,
_cc.2015.
300 _axiii, 323 p. :
_bill. ;
_c28 cm.
504 _aIncludes bibliographical references.
505 0 _aEvidence-Based Decision Making -- Treatment Planning of Aesthetic Areas -- Surgical Treatment of Recession-Type Defects -- Soft Tissue Substitutes -- Aesthetical Clinical Crown Lengthening -- Periodontal Plastic Surgery at Implant Sites -- Pharmacokinetics Applied to Periodontal Surgery.
520 _aThis atlas, featuring numerous superb illustrations and vivid photographs, aims to create a bridge between research and practice in the field of periodontal plastic surgery and cosmetic dentistry with a view to enabling optimal decision making in daily practice. After an opening overview of evidence-based decision making and discussion of treatment planning, subsequent chapters address the surgical treatment of recession-type defects, use of soft tissue substitutes, aesthetic clinical crown lengthening, and peri-implant plastic surgery. Illustrated case studies depict application of the described surgical procedures in daily practice, and advice is provided on clinical indications and contraindications and basics of the surgical sequence. In addition, critical summaries of the results of systematic reviews are provided. Further chapters consider aspects of multidisciplinary decision-making and present decision trees for soft tissue augmentation procedures proposed by the American Academy of Periodontology. The atlas will be a valuable clinical guide for general dentists and specialists in periodontology/periodontics and implantology.
650 7 _aDentistry.
_2BUEsh
_939515
650 7 _aSurgery.
_2BUEsh
651 _2BUEsh
653 _bDDent
_cDecember2016
700 1 _aChambrone, Leandro,
_eeditor.
942 _2ddc
999 _c23544
_d23516